000 01253cam a22003497a 4500
003 CHAP
005 20220329143038.0
008 051018d2005 mx r 00110 spa d
010 _a91153
011 _a92125
035 _a102688
040 _cCHAP
090 _aTesis
100 0 0 _aLópez Hernández, Yaneth.
_967979
245 1 0 _aEtiología del tizón descendente de las ramas de azucena híbrida (Lilium spp.) en Villa de Guerrero, Estado de México
_c/por Yaneth López Hernández
260 _aChapingo, Méx. :
_bEl autor,
_c2005.
300 _a67 h.
502 _aTesis (Ing. Agr. Esp. en Parasitología Agrícola) - - UACH. Departamento de Parasitología Agrícola
590 _aALEPH
_b10
_c20130110
_lUCH01
_h1506
590 _aBATCH-UPD
_b10
_c20130110
_lUCH01
_h0811
590 _aBATCH-UPD
_b10
_c20130410
_lUCH01
_h0448
590 _aBATCH-UPD
_b10
_c20130914
_lUCH01
_h0747
590 _aCONVERSION
_b10
_c20130109
_lUCH01
_h1350
650 1 4 _aBotrytis cinerea.
_914705
650 1 4 _aFlores
_xEnfermedades.
_941375
650 1 4 _aLilium.
_966770
901 _aBK
905 _aLilia
942 _cFOLL
949 _aTesis
_bBC
_cTES
_d1026881
_eTS1
_h44013
_i102688
_sb
949 _aTesis
_bBC
_cTES
_d33724000965794
_eTS2
_fc.2
_h44014
_i102688
_sb
999 _c91153
_d91153